| 000 | 01597nam a22002897a 4500 | ||
|---|---|---|---|
| 003 | DO-SdBPM | ||
| 005 | 20250402110512.0 | ||
| 008 | 161031b 2006 xx a 00| 0 spa d | ||
| 020 | _a1412738334 | ||
| 020 | _a9781412738330 | ||
| 040 |
_aDO-SdBPM _bspa _cBPMSU |
||
| 082 | 4 |
_a808.068 _bL485u 2006 _222 |
|
| 245 | 1 | 0 |
_aLéeme un cuento de Winnie Pooh / _cA. A. Milne ; traducción Ana Izquierdo, Arlette de Álba |
| 260 |
_aLincolnwood, Illinois, Estados Unidos : _bPublications Internacional, _c2006. |
||
| 300 |
_a318 p. : _bil. ; _c23 cm. |
||
| 490 | 0 | _aDisney | |
| 500 | _aLibro de pasta dura. | ||
| 505 | 2 | _aUn dulce riesgo. -- hogar, dulce hogar. -- La grandísima, rojísima y rebotadorísima pelota nueva. -- Piglet el magnífico. -- La pesadilla de Rito. -- El día no tan especial, muy especial. -- La verdadera familia de Tigger. -- El pajarillo azul. -- El asombrosos Winnie Pooh. -- Una aventura oscura. -- Un día feliz. -- Conejo y Winnie Pooh en una aventura campestre. -- El visitante nocturno. -- El tesoro de Tigger. -- Un oso confiable. -- Un desfile de patos y píos. -- El azadón perdido. -- A volar¿. -- El árbol de miel de Winnie Pooh. -- Piglet sueña con dormir. -- La olla de oro. -- El más grande temor de Tigger. -- Las cosas favoritas. -- Recordando a los amigos. | |
| 590 | _aInventariado, 2025/VM | ||
| 650 | 4 | _aCuentos infantiles | |
| 650 | 4 | _aHistorias de aventuras | |
| 700 | 1 |
_aIzquierdo, Ana _etraductora |
|
| 700 | 1 |
_aÁlba, Arlette de _etraductora |
|
| 710 | 2 | _aDisney | |
| 910 | _a VMateo V. Control de calidad. BPMSU | ||
| 942 |
_2ddc _cBK |
||
| 999 |
_c12709 _d12709 |
||